000 00499nam a2200145Ia 4500
008 100204s9999 xx 000 0 und d
082 _b2412
100 _aहसमनीस द. का.
245 _aदेवांच्या अक्षता
260 _b"रंजना प्रकाशन , मुंबई"
_c1973
300 _a186
630 _aदेवांच्या अक्षता
730 _aदेवांच्या अक्षता
942 _cBOOK
999 _c447500
_d447497